ڈ ا کٹرمنا ظر عا شق ہر گا نو ی کے منتخب ا د ا ر يۓ (Record no. 182708)

MARC details
000 -LEADER
fixed length control field 00752nam a22001937a 4500
005 - DATE AND TIME OF LATEST TRANSACTION
control field 20211202121943.0
010 ## - LCCN (DPL NO)
LC control number UR-11347
020 ## - INTERNATIONAL STANDARD BOOK NUMBER
Terms of availability 200.00
International Standard Book Number 9789390533046
035 ## - SYSTEM CONTROL NUMBER
System control number U-9902
037 ## - SOURCE OF ACQUISITION
Source of stock number/acquisition DBAD/PUB
082 ## - DEWEY DECIMAL CLASSIFICATION NUMBER
Classification number 840.08
100 ## - MAIN ENTRY--PERSONAL NAME
Personal name معر ا ج ا حمد معر ا ج
245 ## - TITLE STATEMENT
Title ڈ ا کٹرمنا ظر عا شق ہر گا نو ی کے منتخب ا د ا ر يۓ
Statement of responsibility, etc معر ا ج ا حمد معر ا ج
246 ## - VARYING FORM OF TITLE
Title proper/short title Manazir Ashiq Harganvi Ke Muntakhib Edarie:Tajazie Wa Tabsire Urdu)
Remainder of title by Mehraj Ahmed Meraj
260 ## - PUBLICATION, DISTRIBUTION, ETC. (IMPRINT)
Place of publication, distribution, etc N.Delhi
Date of publication, distribution, etc 2020 ء
Name of publisher, distributor, etc Educational Publishing House
270 ## - ADDRESS
Address D1/16,Ansari Road,Darya Ganj,
City New Delhi
Postal code 110002
Fax number -
300 ## - PHYSICAL DESCRIPTION
Extent 128 ص
Dimensions 22 Cm(Hb)
942 ## - ADDED ENTRY ELEMENTS (KOHA)
Source of classification or shelving scheme Dewey Decimal Classification
Item type Urdu Bks
Classification part 840.1
Call number suffix م ع ر
Holdings
Withdrawn status Lost status Not for loan Collection code Home library Current library Date acquired Source of acquisition Cost, normal purchase price Full call number Barcode Copy number Cost, replacement price Koha item type
    Not For Loan Non-fiction D.B.Act.Division Central Library 02/12/2021 DBAD/PUB 200.00 840.1 م ع ر U-9902 1 200.00 Urdu Bks

© Delhi Public Library
Hit Counter
free hit counter